Performability modelling : techniques and tools
Saved in:
| Other Authors: | |
|---|---|
| Format: | Book |
| Language: | English |
| Published: |
Chichester, UK ; New York :
Wiley,
c2001
|
| Subjects: | |
| Online Access: | http://www.loc.gov/catdir/toc/onix05/2001017600.html |
| Tags: |
Add Tag
No Tags, Be the first to tag this record!
|
MARC
| LEADER | 00000nam a2200000 i 4500 | ||
|---|---|---|---|
| 001 | 1/65443 | ||
| 008 | 041111s2001 eng d | ||
| 020 | |a 0-471-49195-0 | ||
| 035 | |l 10075213 | ||
| 040 | |a GR-MY-UA |b gre |e aacr | ||
| 041 | 0 | |a eng | |
| 082 | 0 | |a 004.24 | |
| 245 | 1 | 0 | |a Performability modelling : |b techniques and tools / |c edited by Boudewijn R. Haverkort ... [et al.]. |
| 260 | |a Chichester, UK ; New York : |b Wiley, |c c2001 | ||
| 300 | |a 320 σ.; |b εικ.; |c 24 εκ. | ||
| 504 | |a Περιέχει βιβλιογραφικές αναφορές και ευρετήριο | ||
| 650 | 0 | 0 | |a Computer systems |x Evaluation. |
| 700 | 1 | |a Haverkort, Boudewijn R. |4 edt | |
| 852 | |a INST |b CHIOS |e 20070809 |h 004.24 PER |p 005200025808 |q 005200025808 |t BK |y 0 | ||
| 852 | |a INST |b SAMOS |e 20041111 |h 004.24 PER |p 005300022808 |q 005300022808 |t BK |y 0 | ||
| 856 | |c πίνακας περιεχομένων |u http://www.loc.gov/catdir/toc/onix05/2001017600.html | ||
| 901 | |a BIBL3-2004-3 | ||
| 901 | |a BIBL2-2007-2 | ||
| 909 | |a Σ |b 114018 | ||
| 909 | |a Χ |b 136944 | ||
| 920 | |a ΔΙΕΥΡΥΝΣΗ |b ΕΠΕΑΕΚ-ΤΜΠΕΣ |y ΣΑΜΟΣ |z 2004-10 | ||
| 922 | |a 2ΕΛΗ |b 200707 |c ΕΠΕΑΕΚ2/ΤΜΟΔ |d ΠΑΠΑΣΩΤΗΡΙΟΥ | ||
| 970 | |a ΜΑΛΑΓΑΡΗ |b ΦΩΤΕΙΝΗ |z 2004/11/11 | ||